000 00911nam0a22002651 4500
001 rc\4266140
005 20250612033414.0
021 _aRU
_b[57-60870]
035 _a(NLR Aleph) 008485548
090 _a8017338
_c8017338
100 _a20130416d1957 |||y0rusy50 ca
101 0 _arus
102 _aRU
105 _ay z |||||
200 1 _aПолвека на оперной сцене
_eТеатр. мемуары
210 _aМосква
_cВсерос. театр. о-во
_d1957
215 _a264 с.
_d17
606 _aОперный театр
_jВоспоминания и записки
_2psbo
700 1 _7ca
_8rus
_aБоголюбов
_bН. Н.
_cтеатральный деятель
_f1870-1951
_gНиколай Николаевич
_941600
_3RU\NLR\AUTH\7758668
801 0 _aRU
_bNLR
_gpsbo
801 1 _aRU
_bELAR
_2rusmarc
852 _aNLR
_j57-2/2149
942 _cBOOK
980 _aNB